000 00368pab a2200157 454500
008 180718b1997 xxu||||| |||| 00| 0 eng d
100 _aDean, John
245 _aThe role of special constable: a case study
260 _c1997
300 _ap.45-48
362 _aJan-Mar
650 _aCase Studies
650 _aPolice
773 _aPolice Journal
909 _a33334
999 _c33334
_d33334